000 00662nam a2200229 a 4500
001 10123
003 CO-ViMGA
008 141112s2004 ck r 000 u spa d
020 _a9682612942
040 _aCO-ViMGA
_bspa
_cCO-ViMGA
082 0 4 _a330.015195 K81
100 1 _aKohler ; Heinz,
_912923
245 1 0 _aEstadistica para Negocios y Economía
250 _a1
260 _aMexico :
_bCompañia Editorial Continental S.A,
_c1994
300 _a1044p.
650 1 4 _aESTADISTICA ANALITICA
_912924
650 1 4 _aESTADISTICA DESCRIPTIVA
_912925
650 1 4 _aFUNDAMENTOS DE LA INFERENCIA
_912926
650 1 4 _aINFERENCIA AVANZADA
_912927
942 _2ddc
_cBK
999 _c21496
_d21496